00577pab a2200169 454500008004000000100002000040245012000060260000900180300001500189362000800204650002100212700001900233773002000252909001100272999001900283952010500302180718b2014 xxu||||| |||| 00| 0 eng d aWesselink, Anna aPathways to impact in local government: the mini-stern review as evidence in policy making in the Leeds city region c2014 ap.403-424. aDec aLocal government aGouldson, Andy aPolicy Sciences a107317 c107312d107312 00104070aIIPAbIIPAd2018-07-19hVolume no: 47, Issue no: 4pAR107777r2018-07-19w2018-07-19yAR